000 00318nam a2200145Ia 4500
100 _aAdam .J.T
650 _aElectrical Engineering
942 _cRB
654 _aHome System
245 _aHome System & Applications
260 _bArco Pub.
_aNew York
_c1981
082 _a644
300 _a1207
546 _aENGLISH
999 _c28316
_d28316